000 00560nam a2200181 i 4500
001 C2-0303070
003 PPAK
005 20180729001027.0
008 100311s2008 my |||| ||||| | may d
040 _aPPAK
_beng
_cPPAK
_erda
245 0 0 _aMudahnya Solat :
_bdengan bimbingan Ustaz Wan Shohor Bani Leman
264 1 _aSelangor :
_bIlham Network Enterprise ,
_c2008
336 _2rdacontent
_atext
337 _2rdamedia
_aunmediated
338 _2rdacarrier
_avolume
500 _aDisertakan dengan buku maklumat (ISBN : 983-43177-0-0)
942 _2ddc
_cVCD
999 _c166033
_d166033